| 000 | 01139pam a2200337 i 4500 | ||
|---|---|---|---|
| 001 | 846491 | ||
| 003 | OSt | ||
| 005 | 20140310182718.0 | ||
| 008 | 780125s1978 nyua j 000 0beng | ||
| 010 | _a 78001335 | ||
| 020 | _a0380403455 | ||
| 040 |
_aDLC _cDLC _dDLC |
||
| 042 | _alcac | ||
| 050 | 0 | 0 |
_aGV 865 _b.G984 1978 |
| 082 | 0 | 0 |
_aM 920 _bJ13g 1978 |
| 100 | 1 | _aGutman, Bill. | |
| 245 | 1 | 4 |
_aThe picture life of Reggie Jackson / _cGutman, Bill |
| 260 |
_aNew York : _bWatts, _c1978. |
||
| 300 |
_a48 p. : _bill. ; _c23 cm. |
||
| 520 | _aPhotographs and brief text highlight the life of the New York Yankees' star outfielder who was chosen Most Valuable Player in the 1977 World Series. | ||
| 521 | _aCollege students | ||
| 526 | _c1210L to 1700L | ||
| 541 | _j1 | ||
| 562 | _efor circulation. 1 copy available in the collection | ||
| 600 | 1 | 0 |
_aJackson, Reggie _xJuvenile literature. |
| 600 | 1 | 1 | _aJackson, Reggie. |
| 650 | 0 |
_aBaseball players _zUnited States _xBiography _xJuvenile literature. |
|
| 650 | 1 | _aBaseball players. | |
| 906 |
_a7 _bcbc _corignew _d1 _eocip _f19 _gy-gencatlg |
||
| 942 |
_2lcc _cBK _kM |
||
| 999 |
_c15301 _d15301 |
||